000 00372 a2200169 4500
001 188588
020 _a978-85-7472-907-7
040 _cMagnum
100 _aBarros, Sônia
240 1 0 _aPasseio no trem da poesia
_lpor
245 1 0 _aPasseio no trem da poesia
300 _a35
362 0 _a2008
440 1 _aPositivo
697 _aLITERATURA INFANTO
942 _cBK
999 _c188588
_d188588